<?xml version="1.0" encoding="UTF-8"?>
<record
    xmlns:xsi="http://www.w3.org/2001/XMLSchema-instance"
    xsi:schemaLocation="http://www.loc.gov/MARC21/slim http://www.loc.gov/standards/marcxml/schema/MARC21slim.xsd"
    xmlns="http://www.loc.gov/MARC21/slim">

  <leader>01300nam a2200301   4500</leader>
  <controlfield tag="001">113493</controlfield>
  <controlfield tag="003">DR-UNIBE</controlfield>
  <controlfield tag="005">20260318095916.0</controlfield>
  <controlfield tag="008">250428b2024    dr ||||| |||| 00| 0 spa d</controlfield>
  <datafield tag="020" ind1=" " ind2=" ">
    <subfield code="a">9789945251241</subfield>
  </datafield>
  <datafield tag="040" ind1=" " ind2=" ">
    <subfield code="a">BIBLIOTECA UNIBE</subfield>
    <subfield code="c">BIBLIOTECA UNIBE</subfield>
    <subfield code="b">spa</subfield>
    <subfield code="e">rda</subfield>
  </datafield>
  <datafield tag="041" ind1=" " ind2=" ">
    <subfield code="a">spa</subfield>
  </datafield>
  <datafield tag="082" ind1=" " ind2=" ">
    <subfield code="a">RD 861.5 F673p 2024</subfield>
  </datafield>
  <datafield tag="110" ind1="1" ind2="0">
    <subfield code="a">Frente Cultural</subfield>
    <subfield code="9">194599</subfield>
    <subfield code="e">autor</subfield>
  </datafield>
  <datafield tag="245" ind1="1" ind2="0">
    <subfield code="a">Pueblo, sangre y canto /</subfield>
    <subfield code="c">Frente Cultural ; cuidado de la edici&#xF3;n y correcci&#xF3;n: &#xC1;rea de Publicaciones ; diagramaci&#xF3;n y dise&#xF1;o de portada: Yahaira Fern&#xE1;ndez V&#xE1;squez</subfield>
  </datafield>
  <datafield tag="250" ind1=" " ind2=" ">
    <subfield code="a">Edici&#xF3;n facsimilar</subfield>
  </datafield>
  <datafield tag="260" ind1=" " ind2=" ">
    <subfield code="a"> Santo Domingo :</subfield>
    <subfield code="b">Archivo General de la Naci&#xF3;n (AGN)</subfield>
    <subfield code="c">2024</subfield>
  </datafield>
  <datafield tag="300" ind1=" " ind2=" ">
    <subfield code="a">viii, 31 p&#xE1;ginas : </subfield>
    <subfield code="c">22 x 15 cm</subfield>
  </datafield>
  <datafield tag="490" ind1=" " ind2=" ">
    <subfield code="a">Archivo General de la Naci&#xF3;n :</subfield>
    <subfield code="v">522</subfield>
  </datafield>
  <datafield tag="500" ind1=" " ind2=" ">
    <subfield code="a">Cubierta: Reproducci&#xF3;n facsimilar de la cubierta original</subfield>
  </datafield>
  <datafield tag="505" ind1=" " ind2=" ">
    <subfield code="a">Proemio</subfield>
  </datafield>
  <datafield tag="650" ind1=" " ind2="7">
    <subfield code="a">Poes&#xED;a dominicana</subfield>
    <subfield code="2">lemb</subfield>
    <subfield code="9">203415</subfield>
  </datafield>
  <datafield tag="650" ind1=" " ind2="7">
    <subfield code="a"> Literatura dominicana</subfield>
    <subfield code="2">lemb</subfield>
    <subfield code="9">194602</subfield>
  </datafield>
  <datafield tag="651" ind1=" " ind2="7">
    <subfield code="2">lemb</subfield>
    <subfield code="a">Rep&#xFA;blica Dominicana </subfield>
    <subfield code="x">Historia </subfield>
    <subfield code="y">Revoluci&#xF3;n de abril 1965</subfield>
    <subfield code="9">194601</subfield>
  </datafield>
  <datafield tag="700" ind1="1" ind2="o">
    <subfield code="a">Fern&#xE1;ndez V&#xE1;squez, Yahaira</subfield>
    <subfield code="9">155947</subfield>
    <subfield code="e">diagramador</subfield>
    <subfield code="e">dise&#xF1;ador de portada</subfield>
  </datafield>
  <datafield tag="710" ind1="1" ind2="0">
    <subfield code="a">Archivo General de la Naci&#xF3;n (AGN)</subfield>
    <subfield code="b">&#xC1;rea de publicaciones</subfield>
    <subfield code="9">194325</subfield>
    <subfield code="e">cuidado de la edici&#xF3;n </subfield>
    <subfield code="e">cotrrector</subfield>
  </datafield>
  <datafield tag="942" ind1=" " ind2=" ">
    <subfield code="2">ddc</subfield>
    <subfield code="c">BK</subfield>
  </datafield>
  <datafield tag="999" ind1=" " ind2=" ">
    <subfield code="c">113493</subfield>
    <subfield code="d">113493</subfield>
  </datafield>
  <datafield tag="952" ind1=" " ind2=" ">
    <subfield code="0">0</subfield>
    <subfield code="1">0</subfield>
    <subfield code="2">ddc</subfield>
    <subfield code="7">0</subfield>
    <subfield code="a">Principal</subfield>
    <subfield code="d">2025-03-04</subfield>
    <subfield code="l">0</subfield>
    <subfield code="o">RD 861.5 F673p 2024</subfield>
    <subfield code="p">250454</subfield>
    <subfield code="r">2025-04-28 10:03:50</subfield>
    <subfield code="t">Ej. 1</subfield>
    <subfield code="w">2025-04-28</subfield>
    <subfield code="y">BK</subfield>
  </datafield>
  <datafield tag="952" ind1=" " ind2=" ">
    <subfield code="0">0</subfield>
    <subfield code="1">0</subfield>
    <subfield code="2">ddc</subfield>
    <subfield code="7">0</subfield>
    <subfield code="a">Principal</subfield>
    <subfield code="d">2025-03-04</subfield>
    <subfield code="l">0</subfield>
    <subfield code="o">RD 861.5 F673p 2024</subfield>
    <subfield code="p">250455</subfield>
    <subfield code="r">2025-04-28 10:03:50</subfield>
    <subfield code="t">Ej. 2</subfield>
    <subfield code="w">2025-04-28</subfield>
    <subfield code="y">BK</subfield>
  </datafield>
</record>
